00731nam a2200169 a 450000100100000000500170001000800410002704000250006808200150009310000290010824502300013726000360036730000190040304900090042295201130043199900170054400003022820200930060142.0110505s1982 dr 000 0 spa d aDO-SdBNPbspacBNPHU axxxbC818d1 aCornielle, Carlos91020410aDiscurso de clausura del Dotor Carlos Cornielle, en la presentación de su libro ¨proceso histórico Dominico-Haitiano, una advertencia a la juventud dominicana¨, pronunciado en la Biblioteca Nacional /cCarlos Cornielle. aSanto Domingo :b[s.n.],c1982. a8 p. ;c21 cm. aBNPD 0010718PDaPDbPDcCTd2011-05-05iLF1l0oxxx C818dp30228-10r2020-06-25w2020-06-25yLFPDZNo se presta c29720d29720